000 00564nam a2200181Ia 4500
008 090123s9999 xx 000 0 und d
082 _b28256
_a891.463/पारगा
100 _aपारगांवकर वि. शं.
245 _aनिगूडा
250 _a2
260 _bप्रतिमा प्रकाशन
_c1998
300 _a94
600 _aपारगांवकर वि. शं.
630 _aनिगूडा
700 _aपारगांवकर वि. शं.
730 _aनिगूडा
942 _cBOOK
999 _c66735
_d66735